000 00852nam a2200265 a 4500
001 80182
003 BD-RjUL
005 20220807123922.0
008 220807r20112010ii a b 001 0 eng|d
020 _a9781107641556
035 _a(BD-RjUL)80182
040 _aStDuBDS
_beng
_cStDuBDS
_dBD-RjUL
041 _aeng
082 0 4 _222
_a341.48
_bSCI 2011
100 1 _aSchutter, Olivier de.
_94324
245 1 0 _aInternational human rights law :
_bcases, materials, commentary /
_cOlivier De Schutter.
250 _a1st. South Asian ed.
260 _aCambridge :
_bCambridge University Press,
_c2011.
300 _alxiv, 967 p. :
_bill. ;
_c26 cm.
504 _aIncludes bibliographical references and index.
650 0 _aHuman rights.
650 0 _aHuman rights
_vCases.
_94325
650 0 _aHuman rights
_xCriminal provisions.
_94326
942 _2ddc
_cBK
999 _c80182
_d80182